|
|
|
|
| LEADER |
00000nam0a2200000 4500 |
| 001 |
161640 |
| 005 |
20231101222253.0 |
| 010 |
|
|
|a 9785388004765
|
| 035 |
|
|
|a (RuTPU)RU\TPU\book\175286
|
| 090 |
|
|
|a 161640
|
| 100 |
|
|
|a 20090610d2009 km y0rusy50 ca
|
| 101 |
0 |
|
|a rus
|
| 102 |
|
|
|a RU
|
| 105 |
|
|
|a a z 001zy
|
| 200 |
1 |
|
|a Психологическая служба в современном образовании
|e рабочая книга
|f под ред. И. В. Дубровиной
|
| 210 |
|
|
|a СПб.
|c Питер
|d 2009
|
| 215 |
|
|
|a 400 с.
|c ил.
|
| 225 |
1 |
|
|a Практическая психология
|
| 320 |
|
|
|a Библиография в конце глав.
|
| 330 |
|
|
|a В книге освещаются вопросы организации и структуры психологической службы образования на примере г. Москвы. Подробно рассматриваются функции и особенности деятельности каждого из звеньев структурного управления психологической службы, представлены содержание и специфика психологической службы в образовательных учреждениях разного типа. Особое внимание уделяется экспертизе и аттестации педагогов-психологов и психологических служб. Впервые проблемы психологической службы рассматриваются в контексте формирования психологической культуры в образовательном пространстве школы, В приложении представлены проекты материалов и документов по обеспечению системы управления психологической службой образования, в том числе программы подготовки и переподготовки специалистов, работающих в различных звеньях этой системы.
|
| 606 |
1 |
|
|a Педагогическая психология взрослых
|2 stltpush
|3 (RuTPU)RU\TPU\subj\48427
|9 67297
|
| 606 |
1 |
|
|a Педагогическая психология
|2 stltpush
|3 (RuTPU)RU\TPU\subj\48426
|9 58754
|
| 610 |
1 |
|
|a образование
|
| 610 |
1 |
|
|a обучение
|
| 610 |
1 |
|
|a воспитание
|
| 610 |
1 |
|
|a психология
|
| 610 |
1 |
|
|a психологические службы
|
| 610 |
1 |
|
|a образовательные учреждения
|
| 610 |
1 |
|
|a дошкольные учреждения
|
| 610 |
1 |
|
|a документация
|
| 610 |
1 |
|
|a документированные процедуры
|
| 610 |
1 |
|
|a программы
|
| 610 |
1 |
|
|a положения
|
| 610 |
1 |
|
|a памятки
|
| 610 |
1 |
|
|a права
|
| 610 |
1 |
|
|a педагогика
|
| 610 |
1 |
|
|a педагоги-психологи
|
| 686 |
|
|
|a Ю940
|v LBC/SL-A
|2 rubbk
|
| 686 |
|
|
|a Ю98
|v LBC/SL-A
|2 rubbk
|
| 702 |
|
1 |
|a Дубровина
|b И. В.
|4 340
|
| 801 |
|
1 |
|a RU
|b 63413507
|c 20090610
|g PSBO
|
| 801 |
|
2 |
|a RU
|b 63413507
|c 20120409
|g RCR
|
| 942 |
|
|
|c BK
|
| 959 |
|
|
|a 67/20090610
|d 1
|e 199,00
|f ЧЗГЛ:1
|